000 00501pam a2200181 a 4500
020 _a978323047081
_c545.00
041 _aeng
_hNULL
082 _a618.2
_bDAN
100 _aDANAKAS, G.T.
245 _aPRACTICAL GUIDE TO THE CARE OF THE GYNAECOLOGY/OBSTETRIC PATIENT /
_cNULL.
_hTextual Documents
250 _a2 ED/
_b.
260 _aNULL :
_bMOSBY ,
_c2008.
300 _a635 : :
_bXXIII ; ;
_cA4 . +
_ePB.
365 _a545.00
930 _a2957
999 _c797492
_d797492
650 _aOBST.GYNE